| 000 | 00460nam a2200133 a 4500 | ||
|---|---|---|---|
| 008 | 120416s1971 ||||||||||||||||| || u | ||
| 050 | _aTK 7815 Fer | ||
| 100 | _aFerry, David K | ||
| 245 | 1 | 0 | _aPhysical electronics |
| 260 |
_aReading,Mass. _bAddison-Wesley _c1971 |
||
| 300 | _axii,287p. : ill. | ||
| 350 | _a0.00 | ||
| 995 |
_D0.00 _FCBU-MAIN LIBRARY (Kitwe) _H1 _I5.35 _UDAMAGED _ZMain Library Open Access Collection |
||
| 999 |
_c53556 _d53556 |
||